| 000 | 00509nam a22002057a 4500 | ||
|---|---|---|---|
| 005 | 20260505111632.0 | ||
| 008 | 260505b |||||||| |||| 00| 0 eng d | ||
| 020 | _a9780323847902 | ||
| 082 |
_a612 _bKOE-B |
||
| 100 | _a Koeppen Bruce M. | ||
| 245 | _aBerne & Levy Physiology: | ||
| 250 | _a8th.ed | ||
| 260 |
_aUSA: _bElsevier; _c2024. |
||
| 300 | _a817p. | ||
| 500 | _ainclude index. | ||
| 650 | _aMedical / Physiology | ||
| 700 | _aBruce A. Stanton | ||
| 700 | _aJulianne M.Hall | ||
| 999 |
_c37167 _d37167 |
||